000 00472nmm a2200157Ia 4500
008 251105s9999||||xx |||||||||||||||||und||
041 _aspa
100 _aMartínez Marrero, Emilio
245 0 _aOsteología :
_b Sistema músculoesquelético
264 _a[Bogotá, Colombia] :
_bUniversidad del Norte,
_c2018
300 _a136 páginas
490 _aGuía de prácticas
650 _aMedicine
856 _uhttps://public.digitaliapublishing.com/a/54974
942 _cCF
999 _c99410
_d99410